[Event "Titled Tue 20th May Late"]
[Site "chess.com INT"]
[Date "2025.05.20"]
[Round "10"]
[White "Shubenkova, Veronika"]
[Black "Klimakovs, Sergejs"]
[Result "0-1"]
[WhiteTitle "WFM"]
[BlackTitle "FM"]
[WhiteElo "2024"]
[BlackElo "2337"]
[WhiteFideId "44124040"]
[BlackFideId "11602066"]
[EventDate "2025.05.20"]

1. d4 Nf6 2. e3 c5 3. f4 d5 4. Nf3 Nc6 5. c3 Bg4 6. Nbd2 e6 7. Be2 cxd4 8. exd4
Rb8 9. Ne5 Bxe2 10. Qxe2 g6 11. O-O Be7 12. b3 Qb6 13. Bb2 a5 14. Ndf3 O-O 15.
Ng5 Na7 16. Rae1 Rbe8 17. Rf3 Qa6 18. Qf2 h6 19. Nh3 Ne4 20. Qe3 Nb5 21. Nd7 Rc8
22. Nxf8 Bxf8 23. Rc1 a4 24. Nf2 axb3 25. Nxe4 dxe4 26. Qxe4 Qxa2 27. Rf2 Nd6
28. Qf3 Nc4 29. Qxb7 Ra8 30. Rcf1 Nxb2 31. h3 Ra5 32. Kh2 Qa3 33. g4 Nc4 34. Rg2
b2 35. Rb1 Qxc3 36. Qe4 Nd2 37. Rxd2 Qxd2+ 38. Qg2 Qxf4+ 39. Qg3 Qxg3+ 40. Kxg3
Rb5 41. Kf3 Bg7 42. Ke4 Rb4 43. Kd3 Rxd4+ 44. Kc2 Rd7 45. h4 Ra7 46. g5 hxg5 47.
hxg5 Ra1 48. Rxb2 Bxb2 49. Kxb2 Rg1 50. Kc3 Rxg5 51. Kd4 Rf5 52. Ke4 Kg7 53. Kd4
Kh6 54. Ke4 Kh5 55. Kd4 Kg4 56. Ke4 Kg3 57. Kd4 Kf3 58. Kd3 g5 59. Kc4 g4 60.
Kb4 g3 61. Kc4 g2 62. Kd4 g1=R 63. Kc4 Rd1 64. Kb4 Rfd5 65. Kc4 Ke4 66. Kb4 f5
67. Kc4 f4 68. Kb4 f3 69. Kc4 f2 70. Kb4 Kf5 71. Kb3 Kg6 72. Kb4 e5 73. Kc3 e4
74. Kb4 e3 75. Kc4 e2 76. Kc3 Kf7 77. Kb2 Ke8 78. Ka3 Kd8 79. Kb4 Kc8 80. Ka3
Kb8 81. Kb2 Ka8 82. Kc3 e1=R 83. Kb2 f1=R 84. Ka3 Rb1 85. Ka2 Rd2+ 86. Ka3 Rf3+
87. Ka4 Re4+ 88. Ka5 Rd5+ 89. Ka6 Ra3# 0-1

[Event "Titled Tue 20th May Late"]
[Site "chess.com INT"]
[Date "2025.05.20"]
[Round "10"]
[White "Pavlidou, Ekaterini"]
[Black "Becking, Stephan"]
[Result "0-1"]
[WhiteTitle "WIM"]
[BlackTitle "IM"]
[WhiteElo "2198"]
[BlackElo "2410"]
[WhiteFideId "4213262"]
[BlackFideId "4632478"]
[EventDate "2025.05.20"]

1. d4 Nf6 2. c4 e6 3. Nc3 Bb4 4. a3 Bxc3+ 5. bxc3 d5 6. e3 O-O 7. Bd3 b6 8. Ne2
Ba6 9. cxd5 Bxd3 10. Qxd3 exd5 11. O-O c5 12. a4 Re8 13. f3 Nc6 14. Ng3 Rc8 15.
Bd2 Na5 16. dxc5 Nb3 17. Rad1 Nxc5 18. Qd4 Qd7 19. a5 Nb3 20. Qf4 Qc7 21. Qxc7
Rxc7 22. axb6 axb6 23. Be1 Na5 24. Nf5 Nc4 25. Bf2 g6 26. Nd4 Nxe3 27. Nb5 Rce7
28. Bxe3 Rxe3 29. Nc7 Rc8 30. Nxd5 Nxd5 31. Rxd5 Rexc3 32. Rb5 R3c6 33. Kf2 Kf8
34. Kg3 Kg7 35. Rfb1 Rb8 36. R1b3 Re6 37. R3b4 h5 38. h4 Kf6 39. Rf4+ Ke7 40.
Rfb4 Rb7 41. Rb3 Kd6 42. R5b4 Kc6 43. Rc4+ Kd7 44. Rd3+ Ke7 45. Rb3 b5 46. Rc5
b4 47. Rc4 Reb6 48. Kf4 Rb5 49. g4 Kf6 50. g5+ Kg7 51. Kg3 f6 52. f4 fxg5 53.
fxg5 Kf7 54. Kf4 Ke6 55. Re4+ Kd6 56. Rd4+ Kc5 57. Rd8 Kc4 58. Re3 b3 59. Re4+
Kc3 60. Re3+ Kb2 61. Re2+ Ka3 62. Ra8+ Kb4 63. Re4+ Kc5 64. Rc8+ Kb6 65. Re6+
Ka5 66. Ra8+ Kb4 67. Re4+ Kc5 68. Rc8+ Kd6 69. Rd4+ Ke7 70. Rd1 b2 71. Rb1 Rb4+
72. Kf3 Rb3+ 73. Ke4 R7b4+ 74. Kd5 Rb5+ 75. Ke4 Kd7 76. Rc2 R3b4+ 77. Kf3 Rxh4
78. Rcxb2 Rxb2 79. Rxb2 Rg4 80. Rb5 Ke6 81. Ra5 Kf7 82. Rb5 Kg7 83. Rb7+ Kf8 84.
Rb5 Kf7 85. Ra5 Rc4 86. Kg3 Rc7 87. Kh4 Rd7 88. Rb5 Ke6 89. Rb6+ Rd6 90. Rb5 Rc6
91. Ra5 Rc4+ 92. Kh3 Rd4 93. Kg3 Rd5 94. Ra6+ Kf5 95. Kh4 Rd4+ 96. Kh3 Kxg5 97.
Ra5+ Kh6 98. Ra6 Rd3+ 99. Kh4 Rd4+ 100. Kh3 Rf4 101. Rb6 Kg5 102. Rb5+ Rf5 103.
Rb4 Rd5 104. Ra4 Kf5 105. Rb4 g5 106. Rb8 Rd3+ 107. Kg2 Re3 108. Kf2 Re5 109.
Rf8+ Kg4 110. Ra8 Rf5+ 111. Kg2 h4 112. Ra4+ Rf4 113. Ra5 Rc4 114. Kh2 Rc2+ 115.
Kg1 h3 116. Ra3 Kh4 117. Rb3 g4 118. Rb4 Rc1+ 119. Kh2 Rc2+ 120. Kg1 Rc8 121.
Ra4 Rf8 122. Rc4 Kg3 123. Rc3+ Rf3 124. Rc2 h2+ 125. Rxh2 Rf1+ 126. Kxf1 Kxh2 0-1

[Event "Titled Tue 20th May Late"]
[Site "chess.com INT"]
[Date "2025.05.20"]
[Round "10"]
[White "Toncheva, Nadya"]
[Black "Habans Aguerrea, Javier"]
[Result "1/2-1/2"]
[WhiteTitle "FM"]
[BlackTitle "IM"]
[WhiteElo "2332"]
[BlackElo "2448"]
[WhiteFideId "2924056"]
[BlackFideId "24524689"]
[EventDate "2025.05.20"]

1. e4 c5 2. c3 Nf6 3. e5 Nd5 4. Nf3 Nc6 5. Bc4 Nb6 6. Bb3 g6 7. O-O Bg7 8. d4
cxd4 9. cxd4 O-O 10. Nc3 d6 11. Qe2 Bg4 12. Rd1 dxe5 13. dxe5 Qc8 14. Bf4 Qf5
15. Bg3 Bxf3 16. Qxf3 Qxf3 17. gxf3 Nxe5 18. Kg2 Rfd8 19. Re1 Nc6 20. Bc7 Rd2
21. Bxb6 axb6 22. Rad1 Rad8 23. Nd5 Rxd1 24. Rxd1 Kf8 25. Nxb6 Rxd1 26. Bxd1
Bxb2 27. Nd7+ Ke8 28. Nc5 Na5 29. Ba4+ Kd8 30. f4 e6 31. Kf3 Bd4 32. Nb3 Nxb3
33. Bxb3 Kc7 34. Ba4 Kd6 35. Be8 Ke7 36. Bb5 b6 37. a4 Bc5 38. Ke2 Kf6 39. Kf3
Ke7 40. Bc4 Bd6 41. Ke4 h6 42. Bb5 Bc7 43. h3 Bd6 44. Bc6 Bc5 45. Kf3 Kd6 46.
Be8 Ke7 47. Bb5 Kf6 48. Be8 Kg7 49. Bb5 f5 50. Bd7 Kf6 51. Be8 g5 52. fxg5+ hxg5
53. Bd7 e5 54. Kg3 e4 55. Bc8 Ke5 56. Bd7 Bb4 57. Kg2 Kf4 58. Bc8 Bc5 59. Kf1
Ke5 60. Ke2 Kf4 61. Bd7 Bd6 62. Bc8 Be5 63. Bd7 Bd4 64. Bc8 Ke5 65. Bd7 Kf6 66.
Bc8 f4 67. f3 Ke5 68. Bb7 e3 69. Bc8 Kd6 70. Bg4 Be5 71. Bf5 Kc6 72. Bg4 Bf6 73.
Bf5 Be7 74. Bg4 Ba3 75. Bf5 Kb7 76. Bd7 Kc7 77. Bb5 Kd6 78. Bd3 Bb2 79. Bb5 Ke6
80. Bd3 Ke5 81. Bb5 Kd4 82. Bd3 Kc5 83. Bb5 Kb4 84. Be8 Bf6 85. Bd7 Kc5 86. Be8
Kd6 87. Bb5 Ke6 88. Bc4+ Kd6 89. Bb5 Ke7 90. Bc4 Kf8 91. Bb5 Kg7 92. Bc4 Kh6 93.
Bb5 Kh5 94. Be8+ Kh4 95. Bd7 Kg3 96. Bg4 Be7 97. Be6 Bb4 98. Bg4 Bd2 99. Bd7 Kg2
100. Bg4 Bb4 101. Bd7 Be7 102. Bg4 Bf8 103. Bc8 Bh6 104. Bg4 Bg7 105. Bf5 Bc3
106. Bg4 Bb4 107. Bc8 Bd6 108. Bg4 Be7 109. Bf5 Bd8 110. Bg4 Bc7 111. Bd7 Be5
112. Bg4 b5 113. axb5 Bc7 114. Bc8 Bb6 115. Bg4 Bc5 116. Bc8 Bb4 117. Bg4 Ba5
118. Bc8 Bb6 119. Bd7 Kg3 120. Bg4 Kh4 121. Bf5 Kh5 122. Bg4+ Kh6 123. Be6 Kg7
124. Bg4 Kf6 125. Bc8 Ke5 126. Bg4 Kd6 127. Bf5 Kc7 128. Bg4 Kd6 129. Bf5 Kc5
130. Bd7 Kc4 131. Bc6 g4 132. fxg4 Bd8 133. Bd7 Kc5 134. Be8 Kd4 135. Bg6 Ke5
136. Bd3 Kd4 137. Bf5 Bb6 138. Bd7 f3+ 139. Kxf3 Kd3 140. Be6 e2 141. Bc4+ Kxc4
142. Kxe2 Kxb5 143. g5 Kc6 144. h4 Kd7 145. h5 Ke6 146. h6 Kf7 147. g6+ Kxg6
148. h7 Kxh7 1/2-1/2

[Event "Titled Tue 20th May Late"]
[Site "chess.com INT"]
[Date "2025.05.20"]
[Round "11"]
[White "Pakleza, Zbigniew"]
[Black "Asish Panda"]
[Result "0-1"]
[WhiteTitle "GM"]
[WhiteElo "2484"]
[BlackElo "1911"]
[WhiteFideId "1119290"]
[BlackFideId "45012458"]
[EventDate "2025.05.20"]

1. d4 d5 2. Nf3 Nf6 3. Bf4 e6 4. e3 Bd6 5. Bg3 O-O 6. Nbd2 Ne4 7. Nxe4 dxe4 8.
Nd2 f5 9. Nc4 Qe7 10. c3 Kh8 11. Be2 Nd7 12. Nxd6 cxd6 13. Qb3 e5 14. dxe5 dxe5
15. h3 f4 16. Bh2 Nc5 17. Qa3 f3 18. gxf3 exf3 19. Bf1 Rd8 20. Rg1 Qd7 0-1

[Event "Titled Tue 20th May Late"]
[Site "chess.com INT"]
[Date "2025.05.20"]
[Round "11"]
[White "Harish, Neeraj"]
[Black "Sakhayi, Mostafa"]
[Result "0-1"]
[WhiteTitle "CM"]
[BlackTitle "CM"]
[WhiteElo "2192"]
[BlackElo "2166"]
[WhiteFideId "30958130"]
[BlackFideId "12512532"]
[EventDate "2025.05.20"]

1. c4 b6 2. Nf3 Bb7 3. g3 Bxf3 4. exf3 c5 5. Bg2 Nc6 6. O-O e6 7. Nc3 Nge7 8. f4
g6 9. d3 Bg7 10. Be3 Rc8 11. Rc1 O-O 12. Ne2 Bxb2 13. Rb1 Bg7 14. d4 cxd4 15.
Nxd4 Nxd4 16. Bxd4 Rxc4 17. Bxg7 Kxg7 18. Qd3 d5 19. Rfc1 Rxc1+ 20. Rxc1 Qd7 21.
Qd4+ Kg8 22. Qf6 Rc8 23. Rxc8+ Nxc8 24. h4 h5 25. Bf1 Nd6 26. Bd3 Ne4 27. Qe5
Qd6 28. Qd4 Qc5 29. Qb2 Nc3 30. Kg2 d4 31. Qc2 b5 32. Bxg6 Qd5+ 33. Kg1 fxg6 34.
Qxg6+ Kf8 35. Qf6+ Ke8 36. Qg6+ Ke7 37. Qg7+ Kd6 38. Qf8+ Kc6 39. Qc8+ Kb6 40.
Qb8+ Kc5 41. Qxa7+ Kc4 42. Qc7+ Kd3 43. Qh7+ Qe4 44. Qxh5 Kc2 0-1

[Event "Titled Tue 20th May Late"]
[Site "chess.com INT"]
[Date "2025.05.20"]
[Round "11"]
[White "Albores, Pablo"]
[Black "Distaso, Antonio Pio"]
[Result "0-1"]
[WhiteTitle "CM"]
[WhiteElo "2220"]
[BlackElo "2253"]
[WhiteFideId "105546"]
[BlackFideId "805548"]
[EventDate "2025.05.20"]

1. c4 e5 2. Nc3 Nf6 3. Nf3 Nc6 4. e4 g6 5. d4 exd4 6. Nxd4 Bg7 7. Nxc6 bxc6 8.
g3 O-O 9. Bg2 Ba6 10. Qa4 Qc8 11. O-O Re8 12. h3 d5 13. exd5 cxd5 14. Nxd5 Nxd5
15. cxd5 Bxf1 16. Kxf1 Rb8 17. Qxa7 Bxb2 18. Rb1 Qf5 19. Rxb2 Rxb2 20. Qa3 Qxf2# 0-1

[Event "Titled Tue 20th May Late"]
[Site "chess.com INT"]
[Date "2025.05.20"]
[Round "11"]
[White "Abdurakhmonov, Mukhammadali"]
[Black "Vykouk, Jan"]
[Result "0-1"]
[WhiteTitle "IM"]
[BlackTitle "IM"]
[WhiteElo "2368"]
[BlackElo "2496"]
[WhiteFideId "14207346"]
[BlackFideId "349658"]
[EventDate "2025.05.20"]

1. Nf3 Nf6 2. c4 e6 3. d4 d5 4. Nc3 Bb4 5. cxd5 exd5 6. Bg5 O-O 7. e3 Bf5 8. Bd3
Bxd3 9. Qxd3 c6 10. O-O h6 11. Bh4 Nbd7 12. Rac1 Bd6 13. Ne2 Re8 14. a3 a5 15.
Rc2 a4 16. Rfc1 Qb6 17. Bg3 Ne4 18. Bxd6 Nxd6 19. Ng3 Qa6 20. Qxa6 Rxa6 21. h4
g6 22. h5 g5 23. Nd2 Kg7 24. Rc3 Rb6 25. R1c2 f5 26. f3 f4 27. exf4 gxf4 28.
Ngf1 Nf6 29. b4 Nxh5 30. Kf2 Nf5 31. Rd3 Nhg3 32. Nxg3 fxg3+ 33. Kg1 Re1+ 34.
Nf1 Ra6 35. Rb2 Ra8 36. b5 Rae8 37. bxc6 bxc6 38. Rbd2 Ne3 39. Rxe3 R8xe3 0-1

[Event "Titled Tue 20th May Late"]
[Site "chess.com INT"]
[Date "2025.05.20"]
[Round "11"]
[White "Shevkunov, Vladyslav"]
[Black "Altini, Nicola"]
[Result "1-0"]
[BlackTitle "IM"]
[WhiteElo "2073"]
[BlackElo "2357"]
[WhiteFideId "30953448"]
[BlackFideId "833924"]
[EventDate "2025.05.20"]

1. e4 c5 2. Nf3 g6 3. c3 Bg7 4. d4 cxd4 5. cxd4 d5 6. e5 a6 7. Nc3 Bg4 8. Be2
Nc6 9. O-O Nh6 10. h3 Bxf3 11. Bxf3 e6 12. g4 O-O 13. Be3 f6 14. exf6 Qxf6 15.
Bg2 Nf7 16. Ne2 Qh4 17. Qd2 Bh6 18. Rae1 Ng5 19. Bxg5 Bxg5 20. f4 Bf6 21. Qe3
Rae8 22. Kh2 g5 23. Qg1 Nxd4 24. Nxd4 gxf4 25. Nxe6 Qg3+ 26. Kh1 Bxb2 27. Nxf8
Rxe1 28. Bxd5+ Kxf8 29. Rxe1 Qxh3+ 30. Qh2 Qd3 31. Qh6+ Bg7 32. Qd6# 1-0

[Event "Titled Tue 20th May Late"]
[Site "chess.com INT"]
[Date "2025.05.20"]
[Round "11"]
[White "Coe, William"]
[Black "Obon Temprano, Sergi"]
[Result "0-1"]
[BlackTitle "FM"]
[WhiteElo "2078"]
[BlackElo "2155"]
[WhiteFideId "30913624"]
[BlackFideId "2226545"]
[EventDate "2025.05.20"]

1. e4 e5 2. Nf3 Nc6 3. Bb5 Nge7 4. c3 g6 5. O-O Bg7 6. d4 exd4 7. cxd4 O-O 8.
Nc3 a6 9. Ba4 d5 10. e5 Bg4 11. Be3 Nf5 12. Bxc6 bxc6 13. h3 Bxf3 14. Qxf3 c5
15. Qxd5 cxd4 16. Qxd8 Rfxd8 17. Bg5 dxc3 18. Bxd8 Rxd8 19. bxc3 Bxe5 20. Rad1
Rxd1 21. Rxd1 Bxc3 22. Rd8+ Kg7 23. Ra8 a5 24. Ra7 c5 25. g4 Nd4 26. Kg2 Bb4 27.
a3 Bxa3 28. Rxa5 Bb4 29. Ra7 Ne6 30. Ra6 Bd2 31. Kg3 c4 32. Rc6 c3 33. h4 Nd4
34. Rc7 c2 0-1

[Event "Titled Tue 20th May Late"]
[Site "chess.com INT"]
[Date "2025.05.20"]
[Round "11"]
[White "Mishra, Abhimanyu"]
[Black "Materia, Marco"]
[Result "1-0"]
[WhiteTitle "GM"]
[BlackTitle "IM"]
[WhiteElo "2605"]
[BlackElo "2489"]
[WhiteFideId "30920019"]
[BlackFideId "45150451"]
[EventDate "2025.05.20"]

1. e4 c6 2. d4 d5 3. e5 Bf5 4. Nd2 e6 5. Nb3 Nd7 6. Nf3 Be7 7. Bd3 Bxd3 8. Qxd3
h5 9. h4 Nh6 10. g3 Nf5 11. O-O f6 12. Re1 Kf7 13. Bd2 a5 14. exf6 gxf6 15. Rxe6
Kxe6 16. Re1+ Kf7 17. Qxf5 Nf8 18. Nc5 Bxc5 19. dxc5 Kg7 20. Bc3 Nh7 21. Ng5
Nxg5 22. hxg5 d4 23. Bxd4 Qxd4 24. Re7+ Kf8 25. Qe6 Qd1+ 26. Kh2 h4 27. Qf7# 1-0

[Event "Titled Tue 20th May Late"]
[Site "chess.com INT"]
[Date "2025.05.20"]
[Round "11"]
[White "Yilmaz, Baver"]
[Black "Klukin, Kirill"]
[Result "1-0"]
[WhiteTitle "FM"]
[BlackTitle "IM"]
[WhiteElo "2233"]
[BlackElo "2407"]
[WhiteFideId "26363542"]
[BlackFideId "24199273"]
[EventDate "2025.05.20"]

1. e4 e6 2. d4 d5 3. Nd2 c5 4. exd5 Qxd5 5. Ngf3 cxd4 6. Bc4 Qd6 7. O-O Nf6 8.
Nb3 Nc6 9. Nbxd4 Nxd4 10. Nxd4 Be7 11. Re1 O-O 12. Bb3 Rd8 13. c3 Qc7 14. Qf3
Bd7 15. h3 a5 16. Bf4 Qb6 17. Qe2 Rac8 18. Rad1 g6 19. Be5 a4 20. Bc4 Qxb2 21.
Qxb2 Rxc4 22. Bxf6 Bxf6 23. Qxb7 Be8 24. Qa6 Rcc8 25. Nf3 Bxc3 26. Rxd8 Rxd8 27.
Rc1 Bf6 28. Rc8 1-0

[Event "Titled Tue 20th May Late"]
[Site "chess.com INT"]
[Date "2025.05.20"]
[Round "11"]
[White "Rustemov, Alexander"]
[Black "Pranesh, M"]
[Result "0-1"]
[WhiteTitle "GM"]
[BlackTitle "GM"]
[WhiteElo "2525"]
[BlackElo "2576"]
[WhiteFideId "4119002"]
[BlackFideId "35028600"]
[EventDate "2025.05.20"]

1. d4 Nf6 2. c4 b6 3. Nf3 Bb7 4. g3 g6 5. Bg2 Bg7 6. O-O O-O 7. d5 e6 8. Nc3
exd5 9. cxd5 Re8 10. Nd4 Na6 11. e4 Nc5 12. f3 Ba6 13. Nde2 c6 14. dxc6 dxc6 15.
Be3 Nd3 16. Qa4 Qc8 17. Qc2 Nd5 18. Nxd5 cxd5 19. Qxc8 Raxc8 20. Nc3 d4 21. Bd2
dxc3 22. bxc3 Rxc3 23. Bxc3 Bxc3 24. Rad1 Bd4+ 25. Kh1 Nf2+ 26. Rxf2 Bxf2 27. f4
Rc8 28. e5 Be2 29. Rb1 Be3 30. Bd5 Rc1+ 31. Rxc1 Bxc1 32. Kg2 Bg4 33. h3 Be6 0-1

[Event "Titled Tue 20th May Late"]
[Site "chess.com INT"]
[Date "2025.05.20"]
[Round "11"]
[White "Arabidze, Meri"]
[Black "Ersoz, Teoman Guney"]
[Result "1-0"]
[WhiteTitle "IM"]
[BlackTitle "CM"]
[WhiteElo "2440"]
[BlackElo "2090"]
[WhiteFideId "13604040"]
[BlackFideId "44537050"]
[EventDate "2025.05.20"]

1. d4 Nf6 2. c4 g6 3. g3 Bg7 4. Bg2 d5 5. cxd5 Nxd5 6. e4 Nb6 7. Ne2 c5 8. d5
O-O 9. O-O e6 10. Nec3 exd5 11. exd5 Nc4 12. Re1 Nd6 13. a4 b6 14. Na3 Bb7 15.
Bf4 Na6 16. Nab5 Nxb5 17. axb5 Nb4 18. d6 Bxg2 19. Kxg2 g5 20. Be3 h6 21. Qd2
Qd7 22. Rad1 Rad8 23. h4 gxh4 24. Bxh6 hxg3 25. Bxg7 Kxg7 26. Qg5+ 1-0

[Event "Titled Tue 20th May Late"]
[Site "chess.com INT"]
[Date "2025.05.20"]
[Round "11"]
[White "Bogaudinov, Rushan"]
[Black "Albertini, Luca"]
[Result "1-0"]
[WhiteTitle "FM"]
[WhiteElo "1912"]
[BlackElo "2139"]
[WhiteFideId "4129288"]
[BlackFideId "847038"]
[EventDate "2025.05.20"]

1. e4 e5 2. Nc3 Bc5 3. g3 d6 4. Bg2 h5 5. h3 f5 6. d3 Nc6 7. Nf3 h4 8. Bg5 Nf6
9. Nxh4 f4 10. Ng6 Rh7 11. gxf4 exf4 12. Nxf4 Qe7 13. Ncd5 Qe5 14. h4 Bb6 15. c3
Ne7 16. d4 Nxe4 17. dxe5 Nxf2 18. Qf3 Bg4 19. Qg3 Nxd5 20. Nxd5 Nxh1 21. Qxg4
Bf2+ 22. Kd1 Ng3 23. Qe6+ Kf8 24. Be7+ Ke8 25. Bxd6+ Kd8 26. Qe7+ Kc8 27. Qxc7# 1-0

[Event "Titled Tue 20th May Late"]
[Site "chess.com INT"]
[Date "2025.05.20"]
[Round "11"]
[White "Moreira, Ronaldo Alonso"]
[Black "Hiermann, Dietmar"]
[Result "1-0"]
[BlackTitle "FM"]
[WhiteElo "2097"]
[BlackElo "2216"]
[WhiteFideId "2110547"]
[BlackFideId "1602918"]
[EventDate "2025.05.20"]

1. d4 Nf6 2. c4 e6 3. Nc3 Bb4 4. Bd2 O-O 5. e3 d5 6. Nf3 b6 7. cxd5 exd5 8. Ne5
Re8 9. Bd3 Bb7 10. O-O Nbd7 11. f4 Bf8 12. Be1 c5 13. Bh4 Qc7 14. Rf3 Rac8 15.
Nb5 Qb8 16. Nxd7 Nxd7 17. Bxh7+ Kxh7 18. Rh3 Kg8 19. Qh5 g6 20. Qh8+ Kxh8 21.
Bf6+ Kg8 22. Rh8# 1-0

[Event "Titled Tue 20th May Late"]
[Site "chess.com INT"]
[Date "2025.05.20"]
[Round "11"]
[White "Mata Gonzalez, Jose Fernando"]
[Black "Bratovic, Blaz"]
[Result "1/2-1/2"]
[WhiteTitle "CM"]
[BlackTitle "IM"]
[WhiteElo "2164"]
[BlackElo "2319"]
[WhiteFideId "5107423"]
[BlackFideId "14603551"]
[EventDate "2025.05.20"]

1. e4 c5 2. Nf3 d6 3. d4 cxd4 4. Nxd4 Nf6 5. Nc3 a6 6. Be3 e5 7. Nf3 Be7 8. Bc4
O-O 9. a4 Nbd7 10. a5 Qc7 11. Bb3 Nc5 12. Nd5 Nxd5 13. Bxd5 Be6 14. O-O Bxd5 15.
Qxd5 Ne6 16. c3 Rac8 17. Bb6 Qc6 18. Rad1 Nf4 19. Qxc6 Rxc6 20. g3 Ne6 21. Rd5
Bd8 22. Bxd8 Rxd8 23. Rfd1 Rc5 24. Rxd6 Rxd6 25. Rxd6 Rxa5 26. Rb6 Rb5 27. Rxb5
axb5 28. Nxe5 Nc5 29. f3 f6 30. Ng4 Na4 31. Ne3 Nxb2 32. Nd5 Kf7 33. Kf2 Ke6 34.
Nc7+ Kd7 35. Nxb5 Kc6 36. Nd4+ Kd6 37. Ke3 Nc4+ 38. Kd3 Ne5+ 39. Ke3 g6 40. h3
h5 41. f4 Nc4+ 42. Kd3 Nb6 43. c4 Nd7 44. Nb3 b6 45. Kd4 g5 46. fxg5 fxg5 47. g4
hxg4 48. hxg4 Ne5 49. c5+ bxc5+ 50. Nxc5 Nxg4 1/2-1/2

[Event "Titled Tue 20th May Late"]
[Site "chess.com INT"]
[Date "2025.05.20"]
[Round "11"]
[White "Schnaider, Ilan"]
[Black "Bian, Alex"]
[Result "1-0"]
[WhiteTitle "IM"]
[BlackTitle "FM"]
[WhiteElo "2388"]
[BlackElo "2342"]
[WhiteFideId "169013"]
[BlackFideId "2056372"]
[EventDate "2025.05.20"]

1. e4 c5 2. Nf3 Nc6 3. Bb5 g6 4. O-O Bg7 5. c3 Nf6 6. Re1 O-O 7. d4 d5 8. e5 Ne4
9. Bxc6 bxc6 10. Be3 cxd4 11. cxd4 Bg4 12. h3 Bxf3 13. gxf3 Qd7 14. fxe4 Qxh3
15. exd5 f5 16. Bf4 g5 17. dxc6 Rab8 18. c7 gxf4 19. cxb8=Q f3 20. Qbb3+ 1-0

[Event "Titled Tue 20th May Late"]
[Site "chess.com INT"]
[Date "2025.05.20"]
[Round "11"]
[White "Bukreev, Stanislav"]
[Black "Serban, Cristian-Stefan"]
[Result "1-0"]
[WhiteTitle "FM"]
[BlackTitle "FM"]
[WhiteElo "2328"]
[BlackElo "2332"]
[WhiteFideId "34252347"]
[BlackFideId "1241443"]
[EventDate "2025.05.20"]

1. d4 Nf6 2. c4 e6 3. Nf3 d5 4. Nc3 Bb4 5. Qb3 c5 6. dxc5 Nc6 7. Bg5 dxc4 8.
Qxc4 Qa5 9. Bxf6 gxf6 10. Rc1 Qxc5 11. Qh4 Ke7 12. g3 Bd7 13. Bg2 Bxc3+ 14. bxc3
Rac8 15. O-O b6 16. Rcd1 Ne5 17. Nxe5 Qxe5 18. Rd2 Rxc3 19. Rfd1 Rc7 20. Qb4+
Qc5 21. Qf4 Qe5 22. Qh6 f5 23. Qh4+ f6 24. Qh6 Rf8 25. Qxh7+ Rf7 26. Rxd7+ Rxd7
27. Rxd7+ Kxd7 28. Qxf7+ 1-0

[Event "Titled Tue 20th May Late"]
[Site "chess.com INT"]
[Date "2025.05.20"]
[Round "11"]
[White "Shukhman, Anna"]
[Black "Ibarra Jerez, Jose Carlos"]
[Result "0-1"]
[WhiteTitle "WGM"]
[BlackTitle "GM"]
[WhiteElo "2413"]
[BlackElo "2545"]
[WhiteFideId "54180058"]
[BlackFideId "2226332"]
[EventDate "2025.05.20"]

1. e4 c5 2. Nf3 e6 3. d4 cxd4 4. Nxd4 Bc5 5. Nb3 Bb6 6. c4 Ne7 7. Nc3 Nbc6 8. c5
Bc7 9. Be3 O-O 10. Be2 f5 11. Qc2 f4 12. Bd2 b6 13. O-O-O bxc5 14. Nb5 Be5 15.
Bc3 Nb4 16. Qb1 Ng6 17. Nxc5 f3 18. Bxf3 Bf4+ 19. Rd2 Qb6 20. Bxb4 Qxb5 21. Nd3
Bxd2+ 22. Bxd2 Ba6 23. Be2 Rac8+ 24. Bc3 Qg5+ 25. Kc2 Bxd3+ 26. Bxd3 Rxf2+ 27.
Kb3 Rb8+ 0-1

[Event "Titled Tue 20th May Late"]
[Site "chess.com INT"]
[Date "2025.05.20"]
[Round "11"]
[White "Clawitter, Craig"]
[Black "Baladjaev, Gara"]
[Result "1-0"]
[BlackTitle "FM"]
[WhiteElo "2050"]
[BlackElo "2404"]
[WhiteFideId "2023105"]
[BlackFideId "13401785"]
[EventDate "2025.05.20"]

1. e4 c5 2. Nf3 d6 3. d4 cxd4 4. Nxd4 Nf6 5. Nc3 a6 6. f3 e6 7. Be3 Nbd7 8. Qd2
b5 9. a3 Bb7 10. O-O-O Rc8 11. g4 h6 12. h4 Ne5 13. Rg1 Nfd7 14. g5 hxg5 15.
hxg5 Nb6 16. g6 Nbc4 17. gxf7+ Kxf7 18. Qe1 Nxe3 19. Qxe3 Be7 20. f4 Nc4 21.
Bxc4 Rxc4 22. f5 e5 23. Rxg7+ Kxg7 24. Ne6+ Kf6 25. Qg5+ Kf7 26. Qg6# 1-0

[Event "Titled Tue 20th May Late"]
[Site "chess.com INT"]
[Date "2025.05.20"]
[Round "11"]
[White "Onur, Cigdem"]
[Black "Flores Mirabal, Nancy"]
[Result "1-0"]
[WhiteTitle "WCM"]
[BlackTitle "WCM"]
[WhiteElo "1966"]
[BlackElo "2050"]
[WhiteFideId "6346030"]
[BlackFideId "109339"]
[EventDate "2025.05.20"]

1. e4 c5 2. Nf3 d6 3. d4 cxd4 4. Nxd4 Nf6 5. Nc3 a6 6. Bg5 e6 7. f4 Qc7 8. Bxf6
gxf6 9. Qf3 b5 10. O-O-O Bb7 11. Bd3 Nd7 12. Rhe1 Rc8 13. Qh5 Nc5 14. f5 b4 15.
Nxe6 Nxe6 16. Nd5 Qa5 17. fxe6 Kd8 18. Qxf7 Rc7 19. Qxf6+ Ke8 20. Nxc7+ Qxc7 21.
Qxh8 Qa5 22. Qxh7 Qxa2 23. Qd7# 1-0

[Event "Titled Tue 20th May Late"]
[Site "chess.com INT"]
[Date "2025.05.20"]
[Round "11"]
[White "Wu, Derek"]
[Black "Wuebker, Paul-Luca"]
[Result "1-0"]
[WhiteTitle "FM"]
[BlackTitle "CM"]
[WhiteElo "2232"]
[BlackElo "2244"]
[WhiteFideId "30914558"]
[BlackFideId "12939528"]
[EventDate "2025.05.20"]

1. d4 Nc6 2. e4 e5 3. Nf3 exd4 4. Nxd4 Bc5 5. Nb3 Bb6 6. Qe2 Qe7 7. Nc3 Nf6 8.
Bg5 Nd4 9. Nxd4 Bxd4 10. Nd5 Qc5 11. O-O-O O-O 12. b4 1-0

[Event "Titled Tue 20th May Late"]
[Site "chess.com INT"]
[Date "2025.05.20"]
[Round "11"]
[White "Diaz Cesar, Wilsaida Pieranlly"]
[Black "Mafra, Kaiser Luiz"]
[Result "0-1"]
[WhiteTitle "WFM"]
[BlackTitle "CM"]
[WhiteElo "1892"]
[BlackElo "2094"]
[WhiteFideId "6403557"]
[BlackFideId "2106698"]
[EventDate "2025.05.20"]

1. e4 c5 2. Nf3 d6 3. c3 Nf6 4. Be2 g6 5. O-O Bg7 6. Bb5+ Bd7 7. Bxd7+ Qxd7 8.
Re1 Nc6 9. d4 cxd4 10. cxd4 O-O 11. Nc3 a6 12. h3 Rac8 13. Be3 Rfd8 14. Qd2 b5
15. a3 Na5 16. Qd3 Nc4 17. b3 Nb6 18. Rac1 Qb7 19. Re2 Rc7 20. Rec2 Rdc8 21. d5
Nbd7 22. Nd4 Ne8 23. f4 Nc5 24. Qd1 Bxd4 25. Bxd4 Nxb3 26. Rb1 Nxd4 27. Qxd4 Qa7
28. Nxb5 Qxd4+ 29. Nxd4 Rxc2 30. Nxc2 Rxc2 31. Rb8 Kf8 0-1